000 00353 a2200169 4500
001 156606
020 _a9788516100414
040 _cEscola São Tomás de Aquino
100 _aAMABIS, José Mariano
240 1 0 _aBiologia
_lpor
245 1 0 _aBiologia
300 _a176
362 0 _a2015
440 1 _aModerna
697 _aBIOLOGIA
942 _cBK
999 _c156606
_d156606